| 000 | 00683nam a2200229 a 4500 | ||
|---|---|---|---|
| 001 | BRCA_7092 | ||
| 005 | 20190320205717.0 | ||
| 008 | 111111s1918----gw-#######---#000-0#ger-# | ||
| 041 | _ager | ||
| 044 | _agw | ||
| 050 | 4 |
_aPT2617 E88 _b.H45 2 1918 |
|
| 100 | 1 |
_aHeubner, Rudolf _d1867- _917140 |
|
| 245 | 1 | 0 |
_aDer Heilige Geist _bzweiter teil Jacob Siemerings Erben _cvon Rudolf Heubner |
| 260 |
_aLeipzig, Alemania _bL. Staackmann _c1918 |
||
| 300 |
_a456 p. (v.2) _c19 cm. |
||
| 500 | _aTítulo de cubierta: Rudolf Heubner. Jakob Siemering Erben | ||
| 500 | _aVer también O74 (v.1) | ||
| 500 | _aO98 | ||
| 650 | 1 | 4 |
_aLiteratura Alemana _96160 |
| 902 | _aGFM | ||
| 942 |
_2lcc _cB |
||
| 999 |
_c6773 _d6773 |
||